1954 1852 1777 1909 1850 1051 1824 1942 1125 1472 1681 1876 1442 1713 1183 1780 1088 1713 1170 1939 1897 1993 1188 1623 1934 1256 1648 1465 1157 1991 1704 1477 1402 1656 1811 1592 1585 1427 1519 1087 1145 1067 1475 1884 1710 1973 1645 1204 1640 1619 1456 1157 1795 1814 1635 1766 1245 1573 1365 1353 1330 1487 1776 1021 1552 1867 1851 1048 1608 1960 1764 1021 1559 1730 1050 1999 1408 1354 1177 1601 1015 1738 1491 1513 1649 1341 1198 1422 1958 1682 1234 1387 1167 1828 1117 1074 1895 2000 1599 BCNSPRNW ULIB Ver.6.0+V

เปลี่ยนเป็นภาษาไทย

Change to English
 แสดงรายละเอียดบรรณานุกรม
  กลับหน้าหลัก

Brief Record : Get Marc (ISO 2709) : E-mail record : QR code < ปิดหน้าต่าง
LEADER : 00000nam 2200000uu 4500
001    13399123442
003     ULIB
008    020711s2555 th a 000 0 tha d
020    9786163217639
060  4 QY25^bว711ก
100    วิโรจน์ ไววานิชกิจ
245    การวินิจฉัยสุขภาพจากการตรวจทางห้องปฏิบัติการในเวชปฏิบัติปฐมภูมิ สำหรับพยาบาล แพทย์ และบุคลากรทางการแพทย์/^cวิโรจน์ ไววานิชกิจ
250    พิมพ์ครั้งที่ 1
260    กรุงเทพฯ :^bโรงพิมพ์แห่งจุฬาลงกรณ์มหาวิทยาลัย,^c2555
300    92 หน้า;^b21 ซม.
650    เวชปฏิบัติ
650  0 ห้องปฏิบัติการ
650  0 การตรวจโรคโลหิตจาง^xห้องปฎิบัติการ
650  0 การตรวจกลุ่มโรคเมตาโบลิค^xห้องปฎิบัติการ
650  0 การตรวจปัสสาวะ^xห้องปฎิบัติการ
650  0 การตรวจอุจจาระ^xห้องปฎิบัติการ
945    ^p290^l0^i20628
945    ^p290^l0^i20629
945    ^p290^l0^i20630
945    ^p290^l0^i20631
945    ^p290^l0^i20632
999    ^aทศพร เกษรทอง
รายการนี้ยังไม่มีแท็ก
คุณยังไม่ได้ล็อกอิน คุณสามารถมีกิจกรรมร่วมกับเว็บไซต์ได้ แต่ต้องล็อกอินก่อน ::
  ล็อกอิน

รายการสื่อสารสนเทศ

ลำดับที่ ประเภท เลขเรียก/บาร์โค้ด สถานที่ สถานะ
1. วิทยาศาสตร์การแพทย์ และสุขภาพ
วิทยาศาสตร์การแพทย์ และสุขภาพ
สถานะ=หนังสือเก่า
QY25 ว711ก ฉ.1 
  Barcode: 20628
ห้องสมุดวิทยาเขตนครสวรรค์
►ส่วนจัดเก็บหนังสือเก่า นว.
บนชั้น
  ขอยืม
2. วิทยาศาสตร์การแพทย์ และสุขภาพ
วิทยาศาสตร์การแพทย์ และสุขภาพ
สถานะ=หนังสือเก่า
QY25 ว711ก ฉ.2 
  Barcode: 20629
ห้องสมุดวิทยาเขตนครสวรรค์
►ส่วนจัดเก็บหนังสือเก่า นว.
บนชั้น
  ขอยืม
3. วิทยาศาสตร์การแพทย์ และสุขภาพ
วิทยาศาสตร์การแพทย์ และสุขภาพ
สถานะ=หนังสือเก่า
QY25 ว711ก ฉ.3 
  Barcode: 20630
ห้องสมุดวิทยาเขตนครสวรรค์
►ส่วนจัดเก็บหนังสือเก่า นว.
บนชั้น
  ขอยืม
4. วิทยาศาสตร์การแพทย์ และสุขภาพ
วิทยาศาสตร์การแพทย์ และสุขภาพ
สถานะ=หนังสือเก่า
QY25 ว711ก ฉ.4 
  Barcode: 20631
ห้องสมุดวิทยาเขตนครสวรรค์
►ส่วนจัดเก็บหนังสือเก่า นว.
บนชั้น
  ขอยืม
5. วิทยาศาสตร์การแพทย์ และสุขภาพ
วิทยาศาสตร์การแพทย์ และสุขภาพ
สถานะ=หนังสือเก่า
QY25 ว711ก ฉ.5 
  Barcode: 20632
ห้องสมุดวิทยาเขตนครสวรรค์
►ส่วนจัดเก็บหนังสือเก่า นว.
บนชั้น
  ขอยืม

รายการใกล้เคียง
    ผู้แต่ง [วิโรจน์ ไววานิชกิจ]

    หัวเรื่อง [เวชปฏิบัติ]
    หัวเรื่อง [ห้องปฏิบัติการ]

BibComment


ยังไม่เคยถูกคอมเมนท์

คอมเมนท์ทรัพยากรรายการนี้
  คอมเมนท์: การวินิจฉัยสุขภาพ..


 Copyright 2026. Bcnsprnw @Library